| 000 | 00916nam a2200241 i 4500 | ||
|---|---|---|---|
| 001 | 12032 | ||
| 003 | KOSZ 005 | ||
| 005 | 20200331112405.0 | ||
| 008 | 071116s1968 pl g 001 0 pol | ||
| 015 | _aPB 1969/359 | ||
| 040 |
_aWA N _cKOSZ 005/RW _dKOSZ 005/RW |
||
| 080 | _a329(438)(091) | ||
| 100 | 1 |
_aŚwietlikowa, Franciszka. _eAutor |
|
| 245 | 1 | 0 |
_aKomunistyczna Partia Robotnicza Polski 1918-1923 / _cFranciszka Świetlikowa ; Zakład Historii Partii przy KC PZPR. |
| 260 |
_aWarszawa : _b"Książka i Wiedza", _c1968. |
||
| 300 |
_a393, [2] s. ; _c23 cm. |
||
| 380 | _aKsiążki. | ||
| 504 | _aBibliogr. s. 358-[366]. Indeks. | ||
| 610 | 2 | 4 | _aKomunistyczna Partia Polski |
| 710 | 2 |
_aSpółdzielnia Wydawniczo-Handlowa "Książka i Wiedza" _4pbl. |
|
| 856 |
_uhttp://koha.tu.koszalin.pl/cgi-bin/koha/opac-detail.pl?biblionumber=12032 _yKatalog online BPK |
||
| 942 |
_2UKD _cKS |
||
| 999 |
_c12032 _d12032 |
||